BIOMEDICAL nanotechnology
Saved in:
| Format: | Bog |
|---|---|
| Sprog: | engelsk |
| Udgivet: |
CRC Press
2005
|
| Tags: |
Tilføj Tag
Ingen Tags, Vær først til at tagge denne postø!
|
MARC
| LEADER | 00000nam a22000007a 4500 | ||
|---|---|---|---|
| 008 | 231024b |||||||| |||| 00| 0 eng d | ||
| 020 | |a 0824725754 | ||
| 245 | |a BIOMEDICAL nanotechnology |c edited by Neelina H. Malsch |g xi, 209p;ill | ||
| 260 | |b CRC Press |c 2005 |h Boca RATON, Florida |i 699910 |i 699911 |l R857.N34B52 |m Nanotechnology |m Medical engineering | ||
| 500 | |a it includes index | ||
| 942 | |a lcc |c BK |e Johnson |f 24/10/23 | ||
| 952 | |0 0 |1 0 |2 lcc |4 0 |6 R0857 N34 B52 |7 0 |9 4602 |a HE |b HOL |c QZ |d 2023-10-24 |l 0 |o R857.N34B52 |p 2023-0521 |r 2023-10-24 00:00:00 |t 699910 |w 2023-10-24 |y BK | ||
| 952 | |0 0 |1 0 |2 lcc |4 0 |6 R0857 N34 B52 |7 0 |9 4603 |a HOL |b HOL |c QZ |d 2023-10-24 |l 0 |o R857.N34B52 |p 2023-0522 |r 2023-10-24 00:00:00 |t 699911 |w 2023-10-24 |y BK | ||
| 999 | |c 2306 |d 2306 | ||